00600 2200193 4500001002100000005001500021035002000036007000300056008003900059082001600098084002200114100001400136245011000150260006600260300004400326600001100370600001100381022001400392INLIS00000000000117120250205085510 a0010-0225000009ta250205 | | |  a633.1-631.4 a633.1-631.4 CHA w0 aCharles L1 aWeed Mortality Caused by Row-Crop Cultivation in Organic Corn-Soybean-Spelt Cropping Systems /cCharles L aUnited Kingdom, Lawrence :bCambridge University Press,c2016 a648-654 hlm, :bIlus ;c21 cm x 29,7 cm 4aJurnal 4aJagung a1550-2740